00843nam a22002297a 45000010005000000030006000050050017000110080041000280400029000690500009000980820011001071000017001182450064001352600044001993000058002435050007003015200188003085210027004965210018005236500042005417000030005837863FISKH20250812105044.0250812b cb ||||| |||| 00| 0 eng d aFISKHbengcFISKHdFISKH aPZ7  a813.54 aHogan, Mary  aOh, babe!cWritten by Mary Hogan ; Illustrated by Pat Paris aNew York : bUniversal Studio, c1998.  a10 unnumbered pages : bcolor illustrations ; c23 cm aC  aIt's another day at the farm for Babe and friends in this whimsical board book. Kids can create their own Babe stories with the enclosed Babe and Ferdinand finger puppets. Full color.8 a100 bLexile estimate 8 aC bRaz-Plus  aBoard Book vAnimalsxChildren's Book aParis, Pat eillustrator